Una semana de quince años (Registro nro. 319124)

Detalles MARC
000 -ENCABEZADO
Número de control [NR] 00560nam a22001697a 4500
005 - FECHA Y HORA DE LA ÚLTIMA TRANSACCIÓN
control field 20210912074334.0
008 - DE LONGITUD FIJA DE DATOS DE ELEMENTOS - INFORMACIÓN GENERAL
Elementos de longitud fija [NR] 210902s2009 ck a|||gr|||| 00| 0 spa d
020 ## - NUMERO INTERNACIONAL NORMALIZADO PARA LIBROS [R]
Número Internacional Normalizado del libro [NR] 9789587049138
082 04 - NUMERO DE CLASIFICACION DECIMAL DEWEY [R]
Número de la edición [NR] 20
Número de clasificación [R] 920.5
100 ## - ASIENTO PRINCIPAL--NOMBRE PERSONAL [NR]
Nombre personal [NR] Vladdo
ID Autoridad 105184
245 14 - MENCION DE TITULO [NR]
Título [NR] Una semana de quince años
Mención de responsabilidad, etc. [NR] Vladdo
260 ## - PUBLICACION, DISTRIBUCION, ETC. (PIE DE IMPRENTA) [R]
Lugar de publicación, distribución, etc. [R] Bogotá
Nombre del editor, distribuidor, etc. [R] Aguilar
Fecha de publicación, distribución, etc. [R] 2009
600 ## - ASIENTO SECUNDARIO DE MATERIA - NOMBRE PERSONAL [R]
Nombre personal [NR] Vladdo (Florez, Vladimir)
9 (RLIN) 105911
650 #7 - ASIENTO SECUNDARIO DE MATERIA - TERMINO TEMATICO [R]
Término temático o nombre geográfico como elemento de entrada [NR] Humorismo gráfico
Subdivisión geográfica [R] Colombia
9 (RLIN) 105912
650 #7 - ASIENTO SECUNDARIO DE MATERIA - TERMINO TEMATICO [R]
Término temático o nombre geográfico como elemento de entrada [NR] Humoristas colombianos
Subdivisión general [R] Relatos personales
9 (RLIN) 105913
942 ## - ELEMENTOS DE ENTRADA AGREGADOS (KOHA)
Sistema de clasificación DEWEY
Tema principal Biografías
Tipo de ítem principal el descrito en 300a Libro
Edición 1
Clasificación 920.5
Parte restante de la signatura top. V865s
Título oculto en OPAC No
999 ## -
-- 319124
-- 319124
Existencias
Fecha de último préstamo Total préstamos Signatura topográfica Código de barras Última vez visto Ejemplar Costo de reposición Price effective from Tipo de ítem Perdido Sistema de clasificación Dañado No prestable Tipo de ítem específico Suprimido Ubicación habitual Ubicación actual Localización Fecha de creación Forma de adquisición Costo
26/01/2026 1 920.5 V865s 100167828 02/02/2026 Ej.1 26000.00 02/09/2021 Libro   DEWEY     Libro   Claustro Claustro 2do piso 02/09/2021 Donación 0.00